ELECTRICAL AND ELECTRONICS ENGINEERING MATERIALS (Record no. 5633)

MARC details
000 -LEADER
fixed length control field 00391nam a22001577a 4500
005 - DATE AND TIME OF LATEST TRANSACTION
control field 20171025114502.0
008 - FIXED-LENGTH DATA ELEMENTS--GENERAL INFORMATION
fixed length control field 171025b xxu||||| |||| 00| 0 eng d
020 ## - INTERNATIONAL STANDARD BOOK NUMBER
ISBN 978-81-89757-13-7
041 ## - LANGUAGE CODE
Language code of text/sound track or separate title eng
082 ## - DEWEY DECIMAL CLASSIFICATION NUMBER
Classification number 620.11
100 ## - MAIN ENTRY--AUTHOR NAME
Personal name GUPTA, J.B.
245 ## - TITLE STATEMENT
Title ELECTRICAL AND ELECTRONICS ENGINEERING MATERIALS
260 ## - PUBLICATION, DISTRIBUTION, ETC. (IMPRINT)
Place of publication NEW DELHI
Name of publisher S.K.KATARIA
300 ## - PHYSICAL DESCRIPTION
Number of Pages 343p.
942 ## - ADDED ENTRY ELEMENTS (KOHA)
Koha item type Books
Holdings
Lost status Damaged status Home library Current library Shelving location Date acquired Source of acquisition Cost, normal purchase price Full call number Accession Number Koha item type
    JRU Library   SHELF-6-B 25/10/2017 PURCHESS 230.00 620.11 22172 Books
    JRU Library   SHELF-36-L 25/10/2017 PURCHESS 230.00 620.11 22173 Books
    JRU Library   SHELF-36-L 25/10/2017 PURCHESS 230.00 620.11 22174 Books
    JRU Library   SHELF-36-L 25/10/2017 PURCHESS 230.00 620.11 22175 Books
    JRU Library   SHELF-36-L 25/10/2017 PURCHESS 230.00 620.11 22176 Books